000 00408nam a22001577a 4500
020 _a9789348132321
082 _aM300 7
_bRAV/N
100 _aRavisankar S Nair
245 _aNovel enna manthrikapoocha/
_cby Ravisankar S Nair
260 _aKozhikode:
_bAtma Books,
_c2025.
300 _a528p.
650 _aNovel Malayalam Study
650 _aLiterature Malayalam
650 _aLiterature
942 _cBK
999 _c181739
_d181739